| 000 | 00931nam a2200289 i 4500 | ||
|---|---|---|---|
| 001 | bg | ||
| 100 | 1 | _aSCHILDT, Herbert | |
| 245 | 1 | 0 |
_aProgramowanie C / _cHerbert Schildt ; [tł. Tomasz Zajbt]. |
| 246 |
_iTyt. oryg.: _aC: the complete reference |
||
| 260 |
_aWarszawa : _b"RM", _ccop. 2002. |
||
| 300 |
_aXIX, 643, [1] s. ; _c24 cm. |
||
| 490 | 1 | _aProgramowanie () | |
| 500 | _aTyt. oryg.: "C: the complete reference" 2000. Tyt. okł.: C. Obejmuje C99, nowy standard ANSI/ISO języka C. | ||
| 504 | _aIndeks. | ||
| 650 | 9 | _aC (język programowania) | |
| 655 | _aPodręczniki | ||
| 700 | 1 |
_aZAJBT, Tomasz. _eTł. |
|
| 830 | _aProgramowanie () | ||
| 020 | _a8372432589 | ||
| 040 | _cBPK | ||
| 041 | 1 |
_apol _heng |
|
| 080 | _a004.438(07)A/Z | ||
| 920 | _a83-7243-258-9 | ||
| 942 | _cKS | ||
| 008 | s pl f |000 0 pol | ||
| 999 |
_c44000 _d44000 |
||
| 856 |
_uhttp://koha.tu.koszalin.pl/cgi-bin/koha/opac-detail.pl?biblionumber=44000 _yKatalog online BPK |
||